000 00352 a2200145 4500
001 164963
020 _a
040 _cMagnum
100 _aLima, Adriana de Oliveira
240 1 0 _aAvaliacao escolar: julgamento x construcao ?
_lpor
245 1 0 _aAvaliacao escolar: julgamento x construcao ?
362 0 _a1899
697 _aPEDAGOGIA
942 _cBK
999 _c164963
_d164963